000 00719nab a2200193 4500
001 244442
003 OSt
005 20250423092151.0
007 tu
008 200917s2020|||||||
040 _aDE-2950
_cDE-2950
245 0 0 _aDiese Häuser gingen 1945 für immer verloren
_bGeschichte. In den letzten Tagen im Zweiten Weltkrieg 1945 brannten in der Altstadt von Frankfurt viele stadtbildprägende Gebäude aus. Fünf stolze Bürgerhäuser, die für immer verloren sind/
_cRalf-Rüdiger Targiel
264 _c2024
653 _aFrankfurt (Oder)
653 _aStadtgeschichte
653 _aBürgerhäuser
773 0 _g36. Jahrgang (2025) Nr. 93 vom 22.04.2025, S. 14 mit Foto
_tMärkische Oderzeitung
942 _2z
_cA
999 _c373730
_d373730